| 000 | 00572nam a2200169 a 4500 | ||
|---|---|---|---|
| 001 | 000012293 | ||
| 005 | 20200929162800.0 | ||
| 008 | 091110s1970 ve 001 j spa d | ||
| 040 |
_aDO-SdBNP _bspa _cBNPHU |
||
| 082 |
_aV863.44 _bA727c |
||
| 100 | 1 |
_aArmas Alfonzo, Alfredo, _d1921-1990. _924391 |
|
| 245 | 1 | 4 |
_aLos cielos de la muerte : _bcuentos escogidos, 1949-1969 / _cAlfredo Armas Alfonzo. |
| 260 |
_aCaracas, Venezuela : _bMonte Ávila, _c1970. |
||
| 300 |
_a328 p. ; _c18 cm. |
||
| 650 | 4 |
_aCuentos venezolanos _93815 |
|
| 650 | 4 |
_aLiteratura venezolana _ySIGLO XX _99777 |
|
| 999 |
_c11950 _d11950 |
||